La casa de la contradicción /
Αποθηκεύτηκε σε:
| Κύριος συγγραφέας: | |
|---|---|
| Μορφή: | Βιβλίο |
| Γλώσσα: | Ισπανικά |
| Έκδοση: |
México :
Taurus,
2021, c2021
|
| Θέματα: | |
| Ετικέτες: |
Δεν υπάρχουν, Καταχωρήστε ετικέτα πρώτοι!
|
MARC
| LEADER | 00000nam^a2200000^a^4500 | ||
|---|---|---|---|
| 001 | 000437054 | ||
| 005 | 20250521000000.0 | ||
| 009 | 20260310123211.985 | ||
| 020 | |a 978-607-380-013-6 | ||
| 037 | |a Acervo ITESO - Biblioteca | ||
| 041 | |a ESP | ||
| 082 | |a 320. 97207 |b SIL | ||
| 100 | |a Silva-Herzog Márquez, Jesús |e (autor) | ||
| 245 | 1 | 3 | |a La casa de la contradicción / |c J. Silva Herzog Márquez. |
| 264 | 4 | |a México : |b Taurus, |c 2021, c2021 | |
| 300 | |a 202 p. | ||
| 336 | |a texto |b txt |2 rdacontenido | ||
| 337 | |a sin mediación |b n |2 rdamedio | ||
| 338 | |a volumen |b nc |2 rdasoporte | ||
| 521 | |a FIL 2021 DIA | ||
| 649 | |a XX | ||
| 650 | |a Democracia - |z México - |x Tema Principal | ||
| 650 | |a Populismo - |z México | ||
| 650 | |a Proceso Político - |z México | ||
| 650 | |a Ideología - |z México | ||
| 650 | |a Política - |z México - |x Historia - |y Siglo XXI | ||
| 650 | |a México - |x Condiciones Políticas | ||
| 910 | |a Fondo General | ||
| 920 | |a Impresos - Libros | ||
| 930 | |a Colección General | ||
| 905 | |a 101 | ||
| 901 | |a 0500350494 |b IT1 |c ACC |i C176562 |u 20250521 | ||
| 902 | |a https://opac.biblio.iteso.mx/vufind/Record/000437054 | ||